<?xml version="1.0" encoding="UTF-8"?>
<collection xmlns="http://www.loc.gov/MARC21/slim">
 <record>
  <leader>02587nam a2200301 a 4500</leader>
  <controlfield tag="001">1/51304</controlfield>
  <controlfield tag="008">051123s2004    lu  u pdd     0    0gre  </controlfield>
  <datafield tag="020" ind1=" " ind2=" ">
   <subfield code="a">92-894-8127-7</subfield>
  </datafield>
  <datafield tag="022" ind1="0" ind2=" ">
   <subfield code="a">1016-8060 (print)</subfield>
  </datafield>
  <datafield tag="022" ind1="0" ind2=" ">
   <subfield code="a">1725-3187 (online)</subfield>
  </datafield>
  <datafield tag="024" ind1="0" ind2=" ">
   <subfield code="a">ECFIN/006752/04-EN</subfield>
  </datafield>
  <datafield tag="035" ind1=" " ind2=" ">
   <subfield code="l">33185</subfield>
  </datafield>
  <datafield tag="040" ind1=" " ind2=" ">
   <subfield code="a">GR-PeUP</subfield>
  </datafield>
  <datafield tag="041" ind1="0" ind2=" ">
   <subfield code="a">eng</subfield>
  </datafield>
  <datafield tag="099" ind1=" " ind2="0">
   <subfield code="a">ΚΕΤ Αλφαβητική σειρά</subfield>
  </datafield>
  <datafield tag="100" ind1="1" ind2=" ">
   <subfield code="a">Montanino, Andrea.</subfield>
  </datafield>
  <datafield tag="245" ind1="1" ind2="0">
   <subfield code="a">Investment in education :</subfield>
   <subfield code="b">the implications for economic growth and public finances /</subfield>
   <subfield code="c">Montanino Andrea, Przywara Bartosz, Young David.</subfield>
  </datafield>
  <datafield tag="260" ind1=" " ind2=" ">
   <subfield code="a">Brussels ;</subfield>
   <subfield code="a">Belgium :</subfield>
   <subfield code="b">European Commission: Directorate-General for Economic and Financial Affairs,</subfield>
   <subfield code="c">2004.</subfield>
  </datafield>
  <datafield tag="300" ind1=" " ind2=" ">
   <subfield code="a">53 σ. ;</subfield>
   <subfield code="c">30 εκ.</subfield>
  </datafield>
  <datafield tag="580" ind1=" " ind2=" ">
   <subfield code="a">Economic Papers</subfield>
  </datafield>
  <datafield tag="520" ind1="0" ind2=" ">
   <subfield code="a">This paper analyses the demographic and institutional influences underlying public spending on education, as well as the consequences for average educational attainment and economic growth. The issues are topical given, on one hand, EU objectives for increased investment in human resources and, on the other, increasing concerns about the sustainability of public finances, particularly in view of ageing populations. The paper presents methodologies for projecting educational attainment and public expenditure on education. Tentative numerical results suggest that the growth of average educational attainment is likely to slow slightly, compared to recent decades. Nevertheless, education is set to continue making a substantial contribution to economic growth in the EU as a whole, though the impact varies widely among Member States. As regards public expenditure, although demographic trends mean a reduction in the potential number of students, this is offset by two factors: increasing enrolment rates at upper-secondary and tertiary level (projected taking into consideration either past developments in enrolment or the expected future evolution of labour force); and increasing expenditure per student (projected on the basis of recent trends). Thus, few savings - if any - are expected from reductions in expenditure on education due to changes in the demographic structure.</subfield>
  </datafield>
  <datafield tag="700" ind1="1" ind2=" ">
   <subfield code="a">Przywara, Bartosz.</subfield>
  </datafield>
  <datafield tag="700" ind1="1" ind2=" ">
   <subfield code="a">Young, David.</subfield>
  </datafield>
  <datafield tag="710" ind1="2" ind2=" ">
   <subfield code="a">European Commission : Directorate-General for Economic and Financial Affairs.</subfield>
  </datafield>
  <datafield tag="773" ind1="0" ind2=" ">
   <subfield code="a">Economic papers</subfield>
   <subfield code="g">November 2004, No 217.</subfield>
  </datafield>
  <datafield tag="830" ind1=" " ind2=" ">
   <subfield code="a">European Economy. Economic papers ;</subfield>
   <subfield code="v">217.</subfield>
  </datafield>
  <datafield tag="852" ind1=" " ind2=" ">
   <subfield code="a">INST</subfield>
   <subfield code="b">UNIPILB</subfield>
   <subfield code="c">KET</subfield>
   <subfield code="e">20090317</subfield>
   <subfield code="p">EEEP 217</subfield>
   <subfield code="q">EEEP 217</subfield>
   <subfield code="t">NOLOAN</subfield>
   <subfield code="y">23</subfield>
   <subfield code="4">1</subfield>
  </datafield>
  <datafield tag="856" ind1="4" ind2="1">
   <subfield code="u">http://ec.europa.eu/economy_finance/publications/publication_summary548_en.htm</subfield>
  </datafield>
 </record>
</collection>
